| Tag |
First Indicator |
Second Indicator |
Subfields |
| LEADER |
00000cam a2200000 4500 |
| 001 |
in00000077538 |
| 005 |
20151008052758.0 |
| 008 |
720615r19401940ilu b 00000 eng u |
| 010 |
|
|
|a 40004775
|
| 035 |
|
|
|a (OCoLC)00333355
|
| 035 |
|
|
|9 AAH4835AM
|
| 040 |
|
|
|c CSU
|d TXA
|d UtOrBLW
|
| 049 |
|
|
|a TXAM
|c [145232]
|
| 050 |
|
0 |
|a HB3711
|b .B65 1940
|
| 092 |
|
|
|a 380.124
|b B824b, 1940
|
| 100 |
1 |
|
|a Bratt, Elmer C.
|q (Elmer Clark),
|d 1901-
|
| 245 |
1 |
0 |
|a Business cycles and forecasting /
|c by Elmer C. Bratt.
|
| 250 |
|
|
|a Rev. ed.
|
| 264 |
|
1 |
|a Chicago :
|b Business Publications, inc.,
|c 1940.
|
| 300 |
|
|
|a xvi, 814p :
|b illustrations(maps)diagrams ;
|c 23cm.
|
| 336 |
|
|
|a text
|b txt
|2 rdacontent
|
| 337 |
|
|
|a unmediated
|b n
|2 rdamedia
|
| 338 |
|
|
|a volume
|b nc
|2 rdacarrier
|
| 500 |
|
|
|a "First printing, February, 1940."
|
| 504 |
|
|
|a "Selected references" at end of most of the chapters.
|
| 650 |
|
0 |
|a Business cycles.
|
| 650 |
|
0 |
|a Economics.
|
| 651 |
|
0 |
|a United States
|x Economic conditions
|y 1918-1945.
|
| 999 |
|
|
|a MARS
|
| 999 |
f |
f |
|s cb1c3d0a-94bc-3b57-b3fc-426b3dd3988f
|i 8d831bf4-c45f-3fd5-9481-1a803ce44616
|t 0
|
| 952 |
f |
f |
|p ric
|a Texas A&M University
|b Rellis Campus
|c Joint Library Facility
|d Remote Storage
|t 0
|e HB3711 .B65 1940
|h Library of Congress classification
|i unmediated -- volume
|m A14800871880
|
| 998 |
f |
f |
|a HB3711 .B65 1940
|t 0
|l Remote Storage
|